|
|
|
|
| LEADER |
00000ny a22000003n 4500 |
| 005 |
20110510112515.0 |
| 008 |
950713c19uu9999sp mr 0 b cat |
| 035 |
|
|
|a 1987
|
| 040 |
|
|
|a BUS
|d vLex
|
| 090 |
|
|
|c 1507
|d 1507
|
| 245 |
0 |
0 |
|a Articles ICAVOR
|h [Recurso electrn̤ico]
|
| 256 |
|
|
|a Servicio en ln̕ea
|
| 260 |
|
|
|a Granollers :
|b Il.lustre Col.legi d'Advocats de Granollers
|
| 506 |
1 |
|
|a Contenido solo disponible en los productos indicados
|d vLex Global
|d vLex Global (Academic Edition, excluding Law Schools)
|d vLex Global (U.S. Academic Edition, Law Schools)
|d vLex Global (U.S. Academic Edition, excluding Law Schools)
|d vLex Global (Academic Edition, Law Schools)
|
| 650 |
0 |
7 |
|a Vecindad
|2 Tesauro vLex
|
| 650 |
0 |
7 |
|a VELHO
|2 Tesauro vLex
|
| 650 |
0 |
7 |
|a Contrato de mediacin̤ o corretaje
|2 Tesauro vLex
|
| 650 |
0 |
7 |
|a Visv̕el Intenȯ̂ de Obter Vantagem Ilc̕ita
|2 Tesauro vLex
|
| 650 |
0 |
7 |
|a Prueba documental
|2 Tesauro vLex
|
| 710 |
2 |
|
|a Il.lustre Col.legi d'Advocats de Granollers
|
| 740 |
0 |
|
|a vLex Revista (Servicios en ln̕ea)
|
| 843 |
|
|
|a Electrn̤ica. Abierta
|
| 853 |
|
|
|8 1
|i (year)
|j (month)
|k (day)
|
| 856 |
4 |
0 |
|u http://vlex.com/source/1987
|z Acceso restringido
|
| 942 |
|
|
|c REV
|